| 000 | 00578nam a2200193 4500 | ||
|---|---|---|---|
| 001 | 110083 | ||
| 003 | ES-MaACL | ||
| 005 | 20230906184955.0 | ||
| 007 | t| | ||
| 008 | 061121s1970 sp r ||||1| spa d | ||
| 100 | 1 |
_aMoix, Terenci. _981822 |
|
| 245 | 1 | 0 |
_aOlas sobre una roca desierta / _cTerenci Moix; traducido del catalán por José Miguel Velloso. |
| 250 | _a1ª ed. | ||
| 260 |
_aBarcelona : _bDestino, _c1970. |
||
| 300 |
_a270 p. ; _c18 cm. |
||
| 500 | _aPremi Josep Pla 1968. | ||
| 700 | 1 |
_aVelloso, José Miguel. _9113857 |
|
| 852 |
_aES-MaACL _jC-40177 _bR.73613 |
||
| 999 |
_c110083 _d110083 |
||